000 00365nam a22001337a 4500
008 250725b |||||||| |||| 00| 0 eng d
020 _a0070540322
050 _aHD41
_b.R68
100 _aROTHSCHILD, William E.
245 _aHow to Gain and Maintain: The Competitive Advantage in Business
260 _aU.S.A
_bMcGraw-Hill
_c1989
300 _aix, 215p.
942 _cBK
999 _c4375
_d4375